Sacha Baron Cohen Films Quiz Stats

 Plays Quiz Updated May 29, 2016

Challenge
Share
Tweet
Embed
Score 0/15 Timer 03:00
1 Play Today
Year Film % Correct
2006Borat: Cultural Learnings of America for Make Benefit Glorious Nation of Kazakhstan
98.6%
2009Brüno
83.2%
2012The Dictator
73.7%
2002Ali G Indahouse
58.8%
2006Talladega Nights: The Ballad of Ricky Bobby
57.1%
2012Madagascar 3: Europe's Most Wanted
52.2%
2005Madagascar
46%
2008Madagascar: Escape 2 Africa
44.3%
Year Film % Correct
2012Les Misérables
44.3%
2016The Brothers Grimsby
38.6%
2007Sweeney Todd: The Demon Barber of Fleet Street
31.2%
2016Alice Through the Looking Glass
26.6%
2013Anchorman 2: The Legend Continues
22.5%
2011Hugo
17.1%
2000The Jolly Boys' Last Stand
3%

You're not logged in!

Compare scores with friends on all Sporcle quizzes.
Join for Free
OR
Log In

You Might Also Like...

Show Comments

Extras

Top Quizzes Today


Score Distribution

Your Account Isn't Verified!

In order to create a playlist on Sporcle, you need to verify the email address you used during registration. Go to your Sporcle Settings to finish the process.

Report this User

Report this user for behavior that violates our Community Guidelines.

Details: